KOHA-Header-6

Nihayat : Intikhab Kalam Inayat (Record no. 9328)

000 -LEADER
fixed length control field 00272nam a2200109Ia 4500
100 ## - MAIN ENTRY--AUTHOR NAME
Personal name Prof: Inayat Ali Khan
245 #0 - TITLE STATEMENT
Title Nihayat : Intikhab Kalam Inayat
260 ## - PUBLICATION, DISTRIBUTION, ETC. (IMPRINT)
Place of publication Karachi
Name of publisher Industree
Year of publication 2004
300 ## - PHYSICAL DESCRIPTION
Number of Pages 529
942 ## - ADDED ENTRY ELEMENTS (KOHA)
Koha item type Books
Holdings
Withdrawn status Lost status Collection code Permanent Location Current Location Shelving location Date acquired Full call number Accession Number Koha item type
    Urdu Literature MAJU MAJU   2019-09-14 519.5 4920 Urdu Literature

Powered by Koha